Statistiques concernant 15 principaux pays touchés par Covid-19 - 19 août

Cliquez ici pour prendre le quiz!

Statistiques générales

  • Ce quiz a été pris 13 fois
  • Le résultat moyen est 12 sur 25

Statistiques - réponses

pays% Correct
Etats-Unis
100%
Mexique
100%
Brésil
92%
Russie
92%
Argentine
83%
Royaume-Uni
75%
Espagne
67%
Inde
67%
Chili
58%
Chili
58%
Pérou
58%
Colombie
50%
Iran
50%
Afrique du Sud
42%
Bolivie
42%
Pakistan
42%
Arabie Saoudite
33%
Panama
33%
Bahreïn
17%
Koweït
17%
Qatar
17%
Arménie
8%
Israël
8%
Oman
8%
Singapour
8%

Distribution des résultats

Percentile par nombre de réponses

% des personnes avec chaque résultat

Votre développement - résultats

Vous n’avez pas pris ce quiz